|
|
|
|
| LEADER |
00000nam0a2200000 4500 |
| 001 |
27895 |
| 005 |
20231101205825.0 |
| 035 |
|
|
|a (RuTPU)RU\TPU\book\28150
|
| 035 |
|
|
|a BOOK00028225
|
| 090 |
|
|
|a 27895
|
| 100 |
|
|
|a 20011209d2001 m y0rusy50 ca
|
| 101 |
0 |
|
|a rus
|
| 102 |
|
|
|a RU
|
| 105 |
|
|
|a y j 001zy
|
| 200 |
1 |
|
|a Экономика предприятия
|e учебное пособие
|f М. Н. Трофимова
|g Томский политехнический университет (ТПУ), Институт дистанционного образования (ИДО)
|
| 210 |
|
|
|a Томск
|c Изд-во ТПУ
|d 2001
|
| 215 |
|
|
|a 152 с.
|
| 320 |
|
|
|a Библиогр.: с. 148.
|
| 606 |
1 |
|
|a Предприятия
|x Экономика
|2 stltpush
|3 (RuTPU)RU\TPU\subj\36689
|9 57982
|
| 610 |
1 |
|
|a экономика
|
| 610 |
1 |
|
|a предприятия
|
| 610 |
1 |
|
|a товарная политика
|
| 610 |
1 |
|
|a маркетинг
|
| 610 |
1 |
|
|a структура
|
| 610 |
1 |
|
|a производство
|
| 610 |
1 |
|
|a рыночная экономика
|
| 610 |
1 |
|
|a кадры
|
| 610 |
1 |
|
|a труд
|
| 610 |
1 |
|
|a производительность
|
| 610 |
1 |
|
|a производственные ресурсы
|
| 610 |
1 |
|
|a продукция
|
| 610 |
1 |
|
|a себестоимость
|
| 610 |
1 |
|
|a цены
|
| 610 |
1 |
|
|a ценообразование
|
| 610 |
1 |
|
|a инвестиции
|
| 610 |
1 |
|
|a финансирование
|
| 610 |
1 |
|
|a учебные пособия
|
| 686 |
|
|
|a У9(2)29я73
|v LBC/SL-A
|2 rubbk
|
| 700 |
|
1 |
|a Трофимова
|b М. Н.
|g Маргарита Николаевна
|
| 712 |
0 |
2 |
|a Томский политехнический университет (ТПУ)
|b Институт дистанционного образования (ИДО)
|2 stltpush
|3 (RuTPU)RU\TPU\col\12625
|
| 801 |
|
0 |
|a RU
|b 63413507
|c 20011209
|g PSBO
|
| 801 |
|
2 |
|a RU
|b 63413507
|c 20230626
|g PSBO
|
| 942 |
|
|
|c BK
|